British Foreign Office Russian correspondence, 1918-1921 : guide to the Scholarly Resources microfilm edition of the Public Record Office collection.

Bibliographic Details
Corporate Authors: Great Britain. Public Record Office, Great Britain. Foreign Office
Format: Book
Language:English
Published: Wilmington, Del. : Scholarly Resources, 1982
Edition:Rev. [ed.].
Subjects:

MARC

Tag First Indicator Second Indicator Subfields
LEADER 00000cam a2200000 a 4500
001 in00000756621
005 20151017050611.0
008 831005c19821977deu b 00000 eng d
035 |a (OCoLC)09982153 
035 |9 ADK1433AM 
040 |a DGU  |c DGU  |d TXA  |d UtOrBLW 
049 |a TXAI [A11742125] 
050 4 |a DA47.65  |b .B74 1982 
245 0 0 |a British Foreign Office Russian correspondence, 1918-1921 :  |b guide to the Scholarly Resources microfilm edition of the Public Record Office collection. 
250 |a Rev. [ed.]. 
264 1 |a Wilmington, Del. :  |b Scholarly Resources,  |c 1982 
264 4 |c ©1977 
300 |a xxv, 198 pages ;  |c 28 cm. 
336 |a text  |b txt  |2 rdacontent 
337 |a unmediated  |b n  |2 rdamedia 
338 |a volume  |b nc  |2 rdacarrier 
651 0 |a Soviet Union  |x Foreign relations  |z Great Britain  |x Sources  |x Indexes. 
651 0 |a Great Britain  |x Foreign relations  |z Soviet Union  |x Sources  |x Indexes. 
710 1 |a Great Britain.  |b Public Record Office. 
710 1 |a Great Britain.  |b Foreign Office. 
999 |a MARS 
999 f f |s d124bbcc-057f-3b77-b0ff-73bef0a00903  |i 6e6882b4-6085-32c7-9f4b-b51f56178493  |t 0 
952 f f |p 4_hour  |a Texas A&M University  |b College Station  |c Sterling C. Evans Library  |d Evans: Microforms Reference (3rd floor)  |t 0  |e DA47.65 .B74 1982  |h Library of Congress classification  |i unmediated -- volume  |m A14811742125 
998 f f |a DA47.65 .B74 1982  |t 0  |l Evans: Microforms Reference (3rd floor)